• 首页
  • 本馆介绍
  • 公告通知
  • 最新文献
  • 馆藏检索
  • 电子资源
  • 读者导购
  • 参考咨询
  • 我的图书馆
  • 登录
  • 详细信息显示
  • 放入我的书架
  • 预约/预借图书
  • 作者相关作品
  • 分类相关作品
  • 丛书相关作品
  • 出版社相关作品

书目信息

  • 表格格式
  • 工作单格式
  • 卡片格式
题名:
经济信息管理概论
    
 
作者: 陈禹 编
分册:  
出版信息: 北京   中国人民大学出版社  1996
页数: 274页
开本: 20cm
丛书名:
单 册:
中图分类: F224.13
科图分类: 29.181
主题词: 经济信息-信息管理--概论 , 信息管理-经济信息--概论
电子资源:
ISBN: 7-300-02142-5
000 00674nam0 2200241 45
001 0197001429
005 20070707165143.43
010    @a7-300-02142-5@dCNY11.00
100    @a19970106d1996 em y0chiy0120 ea
101 0  @achi
102    @aCN@b110000
105    @ay z 000yy
200 10 @a经济信息管理概论@Ajing ji xin xi guan li gai lun@f陈 禹编
210    @a北京@c中国人民大学出版社@d1996
215    @a274页@d20cm
314    @a陈禹,中国人民大学信息学院任教
606    @a经济信息-信息管理@x概论
606    @a信息管理-经济信息@x概论
690    @aF224.13@v3
692    @a29.181
701  0 @a陈禹@Achen yu@4编
801  0 @aCN@bTSSF@c20070707
905    @a10447@dF224.13@e256
    
    经济信息管理概论/陈 禹编.-北京:中国人民大学出版社,1996
    274页;20cm
    
    
    ISBN 7-300-02142-5:CNY11.00
    
●
相关链接 在E读中查询图书 在五车中查询图书 在当当中查询图书 在豆瓣中查询图书


正题名:经济信息管理概论     索取号:F224.13/256         预约/预借

序号 登录号 条形码 馆藏地/架位号 状态 备注
1 0766812   207668120   第一样本阅览室/ [索取号:F224.13/256] 在馆    
唐山师范学院图书馆 欢迎您!
大连网信软件有限公司© 版权所有